La transformación de la revista Actualidades biológicas en la era del acceso abierto (Registro nro. 821091)
[ vista simple ]
| 001 - NÚMERO DE CONTROL | |
|---|---|
| campo de control | 1542004 |
| 005 - FECHA Y HORA DE LA ÚLTIMA TRANSACCIÓN | |
| campo de control | 20260420153058.0 |
| 008 - DATOS DE LONGITUD FIJA--INFORMACIÓN GENERAL | |
| campo de control de longitud fija | 200218e20180705 spa |
| 035 ## - NÚMERO DE CONTROL DEL SISTEMA | |
| Número de control de sistema | 1542004 |
| 040 ## - FUENTE DE LA CATALOGACIÓN | |
| Centro/agencia transcriptor | comduadb |
| 041 ## - CÓDIGO DE LENGUA | |
| Código de lengua del texto/banda sonora o título independiente | spa |
| 100 10 - ENTRADA PRINCIPAL--NOMBRE DE PERSONA | |
| Nombre de persona | Jaramillo Ocampo, Nicolás |
| Código de función | aut |
| Término indicativo de función/relación | Autor/a |
| 9 (RLIN) | 253873 |
| 245 13 - MENCIÓN DE TÍTULO | |
| Título | La transformación de la revista Actualidades biológicas en la era del acceso abierto |
| 520 3# - SUMARIO, ETC. | |
| Sumario, etc. | La revista Actualidades Biológicas (Actual. Biol.), en sus 46 años de existencia, no ha sido ajena a las transformaciones de las publicaciones científicas. Consecuente con las dinámicas editoriales actuales y con las políticas de acceso abierto de la UdeA, el Comité Editorial inició, desde hace un año y medio, una transformación que comienza con la publicación digital de la revista en la plataforma Open Journal Systems (OJS; Public Knowledge Project 2014). |
| 650 #7 - PUNTO DE ACCESO ADICIONAL DE MATERIA--TÉRMINO DE MATERIA | |
| Término de materia o nombre geográfico como elemento de entrada | Acceso abierto |
| Fuente del encabezamiento o término | armarc |
| 9 (RLIN) | 150109 |
| 650 ## - PUNTO DE ACCESO ADICIONAL DE MATERIA--TÉRMINO DE MATERIA | |
| Término de materia o nombre geográfico como elemento de entrada | Actualidades biológicas (Revista) - Universidad de Antioquia |
| 9 (RLIN) | 231998 |
| 650 ## - PUNTO DE ACCESO ADICIONAL DE MATERIA--TÉRMINO DE MATERIA | |
| Término de materia o nombre geográfico como elemento de entrada | Colecciones digitales |
| 9 (RLIN) | 85787 |
| 650 ## - PUNTO DE ACCESO ADICIONAL DE MATERIA--TÉRMINO DE MATERIA | |
| Término de materia o nombre geográfico como elemento de entrada | Publicaciones científicas - Colombia |
| 9 (RLIN) | 223007 |
| 700 10 - ENTRADA AGREGADA--NOMBRE PERSONAL | |
| Nombre de persona | López Alzate, Mónica |
| Código de función | aut |
| Término indicativo de función/relación | Autor/a |
| 9 (RLIN) | 731639 |
| 773 0# - ENLACE AL DOCUMENTO FUENTE/ENTRADA DE REGISTRO ANFITRIÓN | |
| Título | Actualidades Biológicas (Medellín) |
| Parte(s) relacionada(s) | Volumen 40, Número 109, Julio-Diciembre de 2018, 119-122 |
| Número de control del registro | (CO-MdUADB)6024 |
| Número Internacional Normalizado para Publicaciones Seriadas | 0304-3584 |
| Número bibliográfico anfitrión | 3627 |
| Número de ítem anfitrión | 576054 |
| Otro identificador del documento | 01068782 |
| 856 4# - LOCALIZACIÓN Y ACCESO ELECTRÓNICOS | |
| Identificador Uniforme del Recurso | <a href="http://bibliotecadigital.udea.edu.co/handle/10495/13433">http://bibliotecadigital.udea.edu.co/handle/10495/13433</a> |
| 942 ## - ELEMENTOS DE ENTRADA AGREGADA (KOHA) | |
| Tipo de ítem Koha | Artículo de Revista |
No hay ítems disponibles.